000 01034nam a22003371i 4500
999 _c1984
_d1984
001 019638476
003 UkOxU
005 20230222164905.0
008 131015r20142013enka j 000 f eng|d
015 _aGBB3A6205
_2bnb
016 7 _a016547817
_2Uk
020 _a9781406352627 (pbk.) :
035 _a(Uk)016547817
040 _aStDuBDS
_beng
_erda
_cStDuBDS
_dUk
_dKH8
042 _aukblsr
082 0 4 _a823.914 AHL
_223
100 1 _aAhlberg, Allan,
_eauthor.
245 1 0 _aHooray for bread! /
_cAllan Ahlberg, Bruce Ingman.
264 1 _aLondon :
_bWalker Books,
_c2014.
300 _a1 volume (unpaged) :
_bchiefly illustrations (colour) ;
_c25 cm
336 _atext
_2rdacontent
336 _astill image
_2rdacontent
337 _aunmediated
_2rdamedia
338 _avolume
_2rdacarrier
500 _aOriginally published: 2013.
500 _aFormerly CIP.
_5Uk
655 0 _aStories in rhyme.
655 7 _aChildren's stories
_vPictorial works.
_2gsafd
700 1 _aIngman, Bruce,
_d1963-
_eartist.
942 _2ddc
_cNFIC